| 000 | 00733nam a2200241 a 4500 | ||
|---|---|---|---|
| 999 |
_c2260 _d2260 |
||
| 001 | 2260 | ||
| 003 | BD-JhCC | ||
| 005 | 20171108093525.0 | ||
| 008 | 171031s2009 bg ||||| |||| 001 0 ben d | ||
| 020 | _a9840747851 | ||
| 035 | _a(BD-JhCC)2260 | ||
| 040 |
_aBD-JhCC _dBD-JhCC |
||
| 041 | _aben | ||
| 082 |
_222 _a780.88294 _bWAH 2009 |
||
| 100 | _aওয়াহাব, আবদুল | ||
| 245 |
_aলালন-হাসান জীবন-কর্ম-সমাজ / _cআবদুল ওয়াহাব |
||
| 260 |
_aঢাকা : _bবাংলা একাডেমী, _c২০০৯ |
||
| 300 |
_a572 p. : _c22cm. |
||
| 650 |
_aLalon Shah _zFolk Song |
||
| 650 | _aHason Raja | ||
| 942 |
_2ddc _cBK |
||